书目信息 |
| 题名: |
会魔法的老师
|
|
| 作者: | 普鲁士勒 著 ;王燕生 译 | |
| 分册: | ||
| 出版信息: | 南昌 二十一世纪出版社集团 2017 |
|
| 页数: | 111页 | |
| 开本: | 21cm | |
| 丛书名: | ||
| 单 册: | ||
| 中图分类: | I516.85 | |
| 科图分类: | ||
| 主题词: | 儿童故事--德国--现代 | |
| 电子资源: | ||
| ISBN: | 978-7-5568-2153-2 | |
| 000 | 00993nam0 2200289 450 | |
| 001 | 0104249731 | |
| 005 | 20180305141125.0 | |
| 010 | @a978-7-5568-2153-2@dCNY15.00 | |
| 100 | @a20170718d2017 cemy0chiy0120 ea | |
| 101 | 1 | @achi@cger |
| 102 | @aCN@b360000 | |
| 105 | @aa z 000fy | |
| 106 | @ar | |
| 200 | 1 | @a会魔法的老师@9Hui;Kuai Mo Fa De;Di Lao Shi @f(德)奥得弗雷德·普鲁士勒著@g王燕生译@b专著 |
| 210 | @a南昌@c二十一世纪出版社集团@d2017 | |
| 215 | @a111页@c图@d21cm | |
| 300 | @a普鲁士勒作品典藏 | |
| 305 | @a版权代理:北京华德星际文化传媒有限公司 | |
| 312 | @a德文原名:Herr Klingsor Konnte ein Bisschen Zaubern | |
| 510 | 1 | @aHerr Klingsor Konnte ein Bisschen Zaubern@zger |
| 606 | 0 | @a儿童故事@y德国@z现代 |
| 690 | @aI516.85@v5 | |
| 701 | 0 | @c(德)@a普鲁士勒@9pu lu shi le@c(Preussler, Otfried@f1923~)@4著 |
| 702 | 0 | @a王燕生@9wang yan sheng@c(德语)@4译 |
| 801 | 2 | @aCN@bN210200DLC@c20170610 |
| 801 | 0 | @aCN@bDST@c20170606 |
| 905 | @aBZT@dI516.85@e4@f4@sI516.85/4 | |
| 会魔法的老师/(德)奥得弗雷德·普鲁士勒著/王燕生译.-南昌:二十一世纪出版社集团,2017 |
| 111页:图;21cm |
| 普鲁士勒作品典藏 |
| ISBN 978-7-5568-2153-2:CNY15.00 |
| ● |
| 相关链接 |
|
|
|
正题名:会魔法的老师
索取号:I516.85/4
 
预约/预借
| 序号 | 登录号 | 条形码 | 馆藏地/架位号 | 状态 | 备注 |
| 1 | 2000051536 | 2000051536 | 旧书回溯/ [索取号:I516.85/4] | 在馆 | |
| 2 | 2000051537 | 2000051537 | 旧书回溯/ [索取号:I516.85/4] | 在馆 | |
| 3 | 2000051538 | 2000051538 | 旧书回溯/ [索取号:I516.85/4] | 在馆 | |
| 4 | 2000058643 | 2000058643 | 旧书回溯/ [索取号:I516.85/4] | 在馆 |